Instituciones políticas y derecho constitucional

Saved in:
Bibliographic Details
Main Author: Duverger, Maurice (Author)
Format: Book
Language:Spanish
Published: Barcelona Ariel 1984
Edition:6a. ed
Subjects:
Tags: Add Tag
No Tags, Be the first to tag this record!

MARC

LEADER 00000nam a2200000 a 4500
001 UCV0493
003 CL-VaPUC
008 881006e19840000SP |||||||||||||||||spa|d
082 0 4 |a 342  |b DUV  |2 21 
100 0 |a Duverger, Maurice  |e author  |9 294985 
245 1 0 |a Instituciones políticas y derecho constitucional 
250 |a 6a. ed 
300 |a 663 p 
942 |c BK 
945 |d 19881006 00:00:00 
260 |a Barcelona  |b Ariel  |c 1984 
650 0 |a Capitalismo  |9 255255 
650 0 |a Democracia  |9 255256 
650 0 |a Formas de gobierno  |9 255257 
650 7 |a FUERZAS ARMADAS ACTITUD POLITICA  |2 CL-VaPUC  |9 255258 
650 0 |a Monarquía   |9 255259 
650 0 |a Socialismo  |9 255260 
650 0 |a Totalitarismo  |9 255261 
650 0 |a Política y gobierno  |9 255151 
650 7 |a CONSTITUCION 1978  |2 CL-VaPUC  |9 255262 
651 0 |a América Latina   |9 255027 
651 7 |a CUBA  |2 CL-VaPUC  |9 255263 
651 0 |a España  |9 254926 
651 0 |a Estados Unidos  |9 255178 
583 |a last modification  |c 19881006 00:00:00  |k Rodrigo Vera 
999 |c 208930  |d 208928 
952 |0 0  |1 0  |4 0  |6 342_000000000000000_DUV_1984  |7 0  |8 A  |9 183945  |a BIBDER  |b BIBDER  |d 2019-11-14  |i 2508656  |o 342 DUV 1984  |p 2508656  |r 2023-01-25  |w 2019-11-14  |y BK  |k DER